The invisible man
| Format: | Book |
|---|---|
| Published: |
London,England :
Usborne Publsihing ,
2019
|
| Subjects: |
MARC
| LEADER | 00000cam a2200000 7i4500 | ||
|---|---|---|---|
| 001 | 0000242575 | ||
| 005 | 20210317155341.0 | ||
| 020 | |a 9781474937986 | ||
| 090 | 0 | |a JF |b INV | |
| 245 | 1 | 4 | |a The invisible man |c illustrated by Daniele Dickmann |
| 260 | |a London,England : |b Usborne Publsihing , |c 2019 | ||
| 300 | |a 63p. : |b ill. ; |c 21cm. | ||
| 650 | 0 | |a Children's stories | |
| 999 | |a 00380778 |b BUKU |c PINJAMAN |e MOBILE LIBRARY PKPJ | ||